000
00335nam a2200145Ia 4500
008
150201s2005 xx 000 0 und d
082
_a
617.3
_b
D2005K
100
_a
KOTWAL
245
_a
TWXT BOOK OF ORTHOPAEDICS
250
_a
1ST
260
_b
ELSEVIER
_a
DELHI
_c
2005
300
_a
1-384
650
_a
PHYSIOTHERAPY
942
_2
ddc
_c
BK
999
_c
4331
_d
4331